مفتاح كنوز السنة

Bibliographic Details
Main Author: عبد الباقي, محمد فؤاد (Author)
Format: Book
Published: Lahore : Idarat Tarjaman al-Sunnah , 1977
Subjects:

MARC

LEADER 00000cam a2200000 7i4500
001 0000026321
005 20040715093000.0
008 021119s1977
090 0 0 |a BP135.2   |b .M57 1977 
245 1 0 |a مفتاح كنوز السنة   |c وضعه باللغة الانكليزية ا .ى فنسنك   |f نقله الى اللغة العربية محمد فوأد عبد الباقي 
260 2 |a Lahore :   |b Idarat Tarjaman al-Sunnah ,   |c 1977 
300 |a 522 p. ;   |c 25 cm. 
650 0 |a Hadith   |x Indexes, First line 
700 0 |a عبد الباقي, محمد فؤاد ,   |e author 
745 0 0 |a Miftah kunuz al-sunnah 
999 |a 1000023495   |b Book   |c Reference   |e Gong Badak Campus 
999 |a 1000023496   |b Book   |c Reference   |e Gong Badak Campus